Statistics for Toronto Raptors All-NBA Players

Click here to take the quiz!

General Stats

  • This quiz has been taken 150 times
    (129 since last reset)
  • The average score is 6 of 6

Answer Stats

Player% Correct
Kawhi Leonard
98%
Vince Carter
98%
Kyle Lowry
97%
Pascal Siakam
96%
DeMar DeRozan
95%
Chris Bosh
83%

Score Distribution

Percentile by Number Answered

Percent of People with Each Score

Your Score History

You have not taken this quiz since the last reset